PR-SOF-1500-ON-BOARD DIAGNOSTICS SCANNER FOR IVECO EUROCARGO (Record no. 577636)
[ view plain ]
| 000 -LEADER | |
|---|---|
| fixed length control field | 00439nam a22001217a 4500 |
| 082 ## - DEWEY DECIMAL CLASSIFICATION NUMBER | |
| Classification number | PRO 220 |
| 100 ## - MAIN ENTRY--PERSONAL NAME | |
| Personal name | GC Muhammad Zohaib GC Rao Danish GC Syed Taiyab Bin Tahir GC Adee Bin Shahid |
| 9 (RLIN) | 70732 |
| 245 ## - TITLE STATEMENT | |
| Title | PR-SOF-1500-ON-BOARD DIAGNOSTICS SCANNER FOR IVECO EUROCARGO |
| 260 ## - PUBLICATION, DISTRIBUTION, ETC. | |
| Place of publication, distribution, etc. | ISLAMABAD |
| Name of publisher, distributor, etc. | NUST COLLEGE OF EME |
| Date of publication, distribution, etc. | 2019 |
| 650 ## - SUBJECT ADDED ENTRY--TOPICAL TERM | |
| Topical term or geographic name entry element | DE-MTS-34 |
| 9 (RLIN) | 70733 |
| 700 ## - ADDED ENTRY--PERSONAL NAME | |
| Personal name | Supervisor Brig. Dr. Javaid Iqbal Col Nasir Rashid |
| 9 (RLIN) | 70734 |
| 942 ## - ADDED ENTRY ELEMENTS (KOHA) | |
| Koha item type | Continuing Resources |
| Withdrawn status | Lost status | Damaged status | Not for loan | Permanent Location | Current Location | Shelving location | Date acquired | Total Checkouts | Full call number | Barcode | Date last seen | Price effective from | Koha item type |
|---|---|---|---|---|---|---|---|---|---|---|---|---|---|
| College of Electrical & Mechanical Engineering (CEME) | College of Electrical & Mechanical Engineering (CEME) | Reference | 11/29/2019 | 220 PRO | PR-SOF-1500 | 06/28/2021 | 06/28/2021 | Continuing Resources |
